000
00461nam a2200169Ia 4500
008
090711s9999 xx 000 0 und d
082
_b
21838
100
_a
वाळिंबे वि. स.
245
_a
गरुडझेप
260
_c
1969
300
_a
177
600
_a
वाळिंबे वि. स.
630
_a
गरुडझेप
700
_a
वाळिंबे वि. स.
730
_a
गरुडझेप
942
_c
BOOK
999
_c
315948
_d
315948